000 00589nam a22001937a 4500
005 20251108165325.0
008 250721s2009 xx 000 0 ara d
082 1 4 _aط/591/حيو
245 1 0 _aحيوانات البحار و المحيطات /
264 1 _aعمان :
_bالمنهل،
_c2009.
300 _a21ص.
490 0 _aسلسلة عالم الحيوانات
650 1 7 _aالحيوانات
650 1 7 _aالبحار
650 1 7 _aالحيوانات البحريه
653 _aاطفال مرحله متوسطه (6-9) سنوات
942 _2ddc
_cBK
999 _c25081
_d25081